000
00416nam a2200145Ia 4500
008
090124s9999 xx 000 0 und d
082
_b
305429
245
_a
जीर्ण देव्हारा
250
_a
1
260
_b
खरे रामदास
_c
2004
300
_a
70
630
_a
जीर्ण देव्हारा
730
_a
जीर्ण देव्हारा
942
_c
BOOK
999
_c
195423
_d
195423